Minecraft Blocks - Statistics

General Stats
  • This quiz has been taken 795 times
  • The average score is 7 of 8
Answer Stats
Picture Answer % Correct
Grass Block
98%
Bedrock
96%
Crying Obsidian
92%
Netherrack
91%
Emerald Ore
88%
Lapis Ore
85%
Diorite
83%
Pumpkin Seeds
80%
No matching quizzes found
Score Distribution
Percent of People with Each Score
Percentile by Number Answered
Your Score History
You have not taken this quiz